000 01423cam a22003977a 4500
999 _c330883
_d330883
001 15656607
003 NUST
005 20180117090027.0
008 090312s2010 caua b 001 0 eng d
010 _a 2009924546
015 _aGBA984963
_2bnb
020 _a9781847875426 (hbk.)
020 _a1847875424 (hbk.)
020 _a9781849202886 (pbk.)
020 _a1849202885 (pbk.)
035 _a(OCoLC)ocn477061972
040 _aEQO
_cEQO
_dYDXCP
_dTJC
_dCDX
_dDLC
042 _alccopycat
050 0 0 _aBF637.P36
_bC656 2010
082 0 4 _a158.3 COM
_222
245 0 4 _aThe complete handbook of coaching /
_cedited by Elaine Cox, Tatiana Bachkirova, David Clutterbuck.
246 3 0 _aHandbook of coaching
246 3 0 _aCoaching
260 _aLos Angeles, Calif. ;
_aLondon :
_bSAGE,
_c2010.
300 _axxi, 436 p. :
_bill. ;
_c24 cm.
504 _aIncludes bibliographical references and indexes.
650 0 _aPersonal coaching.
_94009
650 0 _aEmployees
_xCoaching of.
_94010
700 1 _aCox, Elaine.
_94011
700 1 _aBachkirova, Tatiana.
_94012
700 1 _aClutterbuck, David.
_94013
906 _a7
_bcbc
_ccopycat
_d2
_encip
_f20
_gy-gencatlg
942 _2ddc
_cBK